Quimper ou Quimperlé ? - Statistiques

Statistiques générales
  • Ce quiz a été pris 113 fois
    110 depuis la dernière actualisation
  • Le résultat moyen est 7 sur 10
Statistiques - réponses
Question Réponse % Correct
Préfecture du Finistère Quimper
97%
La plus peuplée Quimper
97%
Située la plus à l'ouest Quimper
95%
On y trouve le siège du groupe Bigard Quimperlé
75%
Possède le plus d'écoles Diwan (école avec les enseignements en breton) Quimper
68%
A eu un club de football ayant déjà été en Ligue 1 Aucune des deux
64%
Située dans le pays de la Cornouaille (Breton) Les deux
59%
A un gentilé finissant en "ois" Les deux
42%
Émile Zola y a refusé un poste de préfet ou sous-préfet car « c'est trop loin et trop laid » Quimperlé
39%
L'Aulne y coule Aucune des deux
25%
Aucun quiz correspondant
Distribution des résultats
% des personnes avec chaque résultat
Percentile par nombre de réponses
Votre historique - résultats
Vous n’avez pas pris ce quiz depuis la dernière actualisation